Detalles MARC
| 000 -LIDER |
| fixed length control field |
01323nam a22002897a 4500 |
| 003 - IDENTIFICACDOR DE NÚMERO DE CONTROL |
| control field |
DO-SdBNP |
| 005 - DATE AND TIME OF LATEST TRANSACTION |
| control field |
20180314105443.0 |
| 008 - ELEMENTOS DE LONGITUD FIJA |
| fixed length control field |
160413b2009 dr||||| |||| 00| 0 spa d |
| 020 ## - ISBN |
| International Standard Book Number |
9789945171891 |
| 040 ## - FUENTE DE CATALOGACIÓN |
| Agencia que crea de manera original el registro |
BPMSU |
| Idioma de catalogación |
spa |
| Agencia que realiza la transcripción |
BPMSU |
| 092 ## - LOCALLY ASSIGNED DEWEY DECIMAL CALL NUMBER |
| Número de clasificación |
373.7 |
| Número de ítem (Cutter) |
M425e 1ro. 2009 |
| 245 ## - MENCIÓN DE TITULO |
| Título |
Matemática 1 : |
| Subtítulo |
educación media / |
| Mención de responsabilidad |
Kreemly Pérez ... [et.al.] |
| 260 ## - PUBLICACIÓN, DISTRIBUCIÓN, ETC. (PIE DE IMPRENTA) |
| Lugar de publicación, distribución, etc |
Santo Domingo : |
| Nombre del editor, distribuidor, etc. |
SM, |
| Fecha de publicación, distribución, etc |
2009 |
| 300 ## - DESCRIPCIÓN FÍSICA |
| Extensión |
295 p. : |
| Otros detalles físicos |
il. : 28 cm |
| 490 1# - MENCIÓN DE SERIES |
| Mención de serie |
Proyecto saber más |
| 505 ## - NOTA DE CONTENIDO |
| Título |
El álgebra de las proporciones |
| -- |
Introducción a la teoría de conjuntos |
| -- |
Estadística |
| -- |
Expresiones algebraicas |
| -- |
División de polinomios factorización |
| -- |
Expresiones fraccionarias |
| -- |
Rectas y segmentos |
| -- |
Intervalos inecuaciones lineales |
| -- |
Números complejos |
| -- |
Técnicas de factorización |
| -- |
Ecuaciones e inecuaciones de segundo grado |
| -- |
Expresiones algebraicas irracionales |
| -- |
Ángulos |
| -- |
Probabilidad |
| 650 ## - ENCABEZAMIENTO DE MATERIA--TEMÁTICO |
| Término temático o nombre geográfico como elemento de entrada |
MATEMÁTICAS |
| Subdivisión temática general |
ENSEÑANZA SECUNDARIA |
| 650 ## - ENCABEZAMIENTO DE MATERIA--TEMÁTICO |
| Término temático o nombre geográfico como elemento de entrada |
EDUCACIÓN SECUNDARIA |
| Subdivisión geográfica |
REPÚBLICA DOMINICANA |
| 650 ## - ENCABEZAMIENTO DE MATERIA--TEMÁTICO |
| Término temático o nombre geográfico como elemento de entrada |
EDUCACIÓN SECUNDARIA |
| Subdivisión temática general |
LIBROS DE TEXTOS |
| 650 ## - ENCABEZAMIENTO DE MATERIA--TEMÁTICO |
| Término temático o nombre geográfico como elemento de entrada |
MATEMÁTICAS |
| Subdivisión temática general |
ESTUDIOS Y EJERCÍCIOS |
| 700 12 - ASIENTO SECUNDARIO -- NOMBRE PERSONAL |
| Nombre personal |
Pérez, Kreemly |
| 830 0# - ASIENTO SECUNDARIO DE SERIE--TÍTULO UNIFORME |
| Título uniforme |
Educación en valores |
| 910 ## - VALIDACIÓN |
| Validación |
Validado. Control de calidad MFF |
| 942 ## - ADDED ENTRY ELEMENTS (KOHA) |
| Source of classification or shelving scheme |
Dewey Decimal Classification |
| Koha item type |
Libros |
| 945 ## - INFORMACIÓN DE PROCESAMIENTO LOCAL |
| Información de procesamiento local |
Remanejado para la BNPHU, 2018 / BT |
| 956 ## - LOCAL ELECTRONIC LOCATION AND ACCESS (OCLC) |
| Nombre de host |
daysi garcia |